Statystyki dla Piłka nożna quiz #51 - Ranking wszech czasów Mistrzostwa Świata

Kliknij tutaj aby rozwiązać quiz!

Ogólne statystyki

  • Ten quiz został rozwiązany 184 razy
  • Średni wynik to 16 z 20

Statystyki odpowiedzi

MiejsceZespółTurniejeMeczeWygraneRemisyPorażkiPunkty% Poprawnych
1Brazylia22114761919247
100%
3Argentyna1888471724158
99%
2Niemcy20112682123225
98%
5Francja1673391420131
97%
16Polska9381761557
96%
4Włochy1883452117156
96%
7Hiszpania1667311719110
93%
9Urugwaj145925132188
90%
6Anglia1674322220118
89%
15Portugalia8351761257
89%
12Rosja114519101667
84%
8Holandia1155301411104
83%
10Belgia145121102073
80%
11Szwecja125119131970
75%
13Meksyk176017152866
72%
19Chorwacja630138947
68%
20Czechy9331251641
62%
17Szwajcaria12411481950
56%
18Węgry9321531448
54%
14Serbia13491892263
44%

Rozkład punktacji

Percentyl według liczby udzielonych odpowiedzi

Procent ludzi z każdym wynikiem

Twoja historia wyników

Nie rozwiązałeś tego quizu